000
00246nam a2200097Ia 4500
001
675397
005
20250826160940.0
008
250824s9999 xx 000 0 und d
245
0
_a
YEŞİL KİRAZ
_c
GÜLTEN DAYIOĞLU
260
_b
YAPI KREDİ YAYINLARI
999
_c
675397
_d
675397